000 00328nam a2200133Ia 4500
008 130318s9999 xx 000 0 und d
020 _a74600680
082 _a658.404 CHO/P
100 _aChoudhury, S
245 _aProject management
260 _bTata McGraw Hill
_aNew Delhi
_c1988
300 _a244
650 _aPROJECT MANAGEMENT
999 _c765
_d765